|
|
|
|
| LEADER |
00000nam0a2200000 4500 |
| 001 |
251457 |
| 005 |
20231101232647.0 |
| 010 |
|
|
|a 5295001040
|
| 020 |
|
|
|a RU
|b 89-11572
|
| 035 |
|
|
|a (RuTPU)RU\TPU\book\273749
|
| 090 |
|
|
|a 251457
|
| 100 |
|
|
|a 20140221d1989 m a0rusy5003 ca
|
| 101 |
0 |
|
|a rus
|
| 102 |
|
|
|a RU
|
| 105 |
|
|
|a a z 000zy
|
| 200 |
1 |
|
|a Машинная ажурная вышивка
|f Н. П. Беркасова
|
| 210 |
|
|
|a Уфа
|c Башкирское книжное издательство
|d 1989
|
| 215 |
|
|
|a 87 с.
|c ил.
|
| 606 |
1 |
|
|a Вышивка машинная
|x Домоводство
|2 stltpush
|3 (RuTPU)RU\TPU\subj\4495
|9 32763
|
| 610 |
1 |
|
|a обучение
|
| 610 |
1 |
|
|a машинная вышивка
|
| 610 |
1 |
|
|a образцы
|
| 610 |
1 |
|
|a готовые изделия
|
| 675 |
|
|
|a 677
|z rus
|
| 700 |
|
1 |
|a Беркасова
|b Н. П.
|g Нина Петровна
|
| 801 |
|
0 |
|a RU
|b RuMRKP
|c 19960705
|g psbo
|
| 801 |
|
1 |
|a RU
|b 63413507
|c 20140221
|
| 801 |
|
2 |
|a RU
|b 63413507
|c 20140320
|g RCR
|
| 942 |
|
|
|c BK
|